| 000 | 00782nam a22002297a 4500 | ||
|---|---|---|---|
| 999 |
_c20482 _d20482 |
||
| 003 | AR-CdUCM | ||
| 008 | 190320b ||||| |||| 00| 0 spa d | ||
| 020 | _a8459922324 | ||
| 040 |
_aMUNICIPALIDAD PROVINCIAL DEL CUSCO _cBIBLIOTECA MUNICIPAL DEL CUSCO |
||
| 082 |
_a465 / _bF91 |
||
| 100 |
_aFuentes de la corte, Juan Luis _942822 |
||
| 245 | _aGramática moderna de la lengua Española / | ||
| 260 |
_aEspaña : _bBibliográfica Chilena, _c1985. |
||
| 300 |
_a294 páginas ; _c28 cm _bGráficos, |
||
| 505 | _aContenido : La lingüística -- La lengua española -- La fonología -- La ortografía... | ||
| 650 |
_aLengua española _91124 |
||
| 650 |
_aGramática _99175 |
||
| 650 |
_aMorfología _915689 |
||
| 650 |
_aSemántica _97092 |
||
| 942 |
_2ddc _cLIBROS |
||
| 945 | _arcc | ||